000 02118nam0a2200373 4500
001 RU\NLR\bibl\927498
005 20260405101108.0
021 _aRU
_b2006-4340
_9201
035 _a(nilc)RSL-KNO-002835046
035 _a(NLR Aleph) 000915742
090 _a68081
_c68081
100 _a20060306d2006 |||y0rusy50 ca
101 0 _arus
102 _aRU
105 _aa |||||||||
106 _ar
200 1 _aРасчет сверхзвуковых турбулентных течений
_fГ. С. Глушко , И. Э. Иванов , И. А. Крюков
210 _aМосква
_cИн-т проблем механики
_d2006
_eМ.
_gИПМ РАН
215 _a36 с.
_cил.
_d21
225 1 _aПрепринт
_fИн-т проблем механики Рос. акад. наук (ИПМ РАН)
_vN 793
320 _aБиблиогр.: с. 33-36
606 1 _aТурбулентный поток сверхзвуковой
_xРасчет
_92421010
_3RU\NLR\auth\661441761
610 0 _aФизико-математические науки -- Механика -- Механика деформируемых сред -- Гидро- и аэромеханика -- Гидро- и аэродинамика -- Аэро- и газодинамика -- Сверхзвуковое течение газа -- Пограничный слой в сверхзвуковом потоке газа -- Турбулентный слой -- Математические методы
686 _aВ253.333.72с21,09
_2rubbk
686 _aВ253.333.72
700 1 _4070
_8rus
_7ca
_aГлушко
_bГ. С.
_gГеннадий Степанович
_3RU\NLR\auth\7737116
_920105
701 1 _4070
_8rus
_7ca
_aИванов
_bИ. Э
_cканд. физ.-мат. наук, газодинамика
_gИгорь Эдуардович
_3RU\NLR\auth\7737114
_920103
701 1 _4070
_8rus
_7ca
_aКрюков
_bИ. А.
_gИгорь Анатольевич
_3RU\NLR\auth\7737119
_920108
801 0 _aRU
_bРКП
_c20060306
_grcr
801 1 _aRU
_bРГБ
_c20060306
801 2 _aRU
_bNLR
_c20060406
_grcr
942 _cBOOK
980 _aNB